[Event "SR 5. liga SE-SI 2017/2018"]
[Site "?"]
[Date "2018.03.24"]
[Round "9.4"]
[White "Romanova, Ela"]
[Black "Jakubec, Milan"]
[Result "0-1"]
[WhiteElo "1432"]
[BlackElo "2004"]
[PlyCount "58"]
[EventDate "2017.??.??"]
[WhiteTeam "Å K Skalica D"]
[BlackTeam "Å O Spartak Myjava"]

1. e4 {0} e5 {0} 2. Nf3 {0} Nc6 {0} 3. Bb5 {0} a6 {0} 4. Ba4 {0} d6 {0} 5. c3 {
0} Nf6 {0} 6. d3 {0} Be7 {0} 7. Bg5 {0} b5 {0} 8. Bc2 {0} h6 {0} 9. Bh4 {0} g5
{0} 10. Bg3 {0} Nh5 {0} 11. O-O {0} Nf4 {0} 12. d4 {0} g4 {0} 13. Ne1 {0} Bg5 {
0} 14. f3 {0} h5 {0} 15. Bxf4 {0} Bxf4 {0} 16. Qd3 {0} gxf3 {0} 17. Nxf3 {0} h4
{0} 18. dxe5 {0} Nxe5 {0} 19. Nxe5 {0} dxe5 {0} 20. Qxd8+ {0} Kxd8 {0} 21. Rd1+
{0} Ke7 {0} 22. Nd2 {0} Bg4 {0} 23. Nf3 {0} h3 {0} 24. Rd3 {0} hxg2 {0} 25. Bd1
{0} Rag8 {0} 26. Be2 {0} Bxf3 {0} 27. Bxf3 {0} Bxh2+ {0} 28. Kf2 {0} g1=Q+ {0}
29. Ke2 {0} Qxa1 {0} 0-1

[Event "SR 5. liga SE-SI 2017/2018"]
[Site "?"]
[Date "2018.03.24"]
[Round "9.4"]
[White "Solovic, Rastislav"]
[Black "Dubanova, Kristina"]
[Result "1-0"]
[WhiteElo "1851"]
[BlackElo "1021"]
[PlyCount "97"]
[EventDate "2017.??.??"]
[WhiteTeam "Å O Spartak Myjava"]
[BlackTeam "Å K Skalica D"]

1. e4 {0} e5 {0} 2. Nf3 {0} Nc6 {0} 3. Bb5 {0} Nf6 {0} 4. O-O {0} Bc5 {0} 5.
Bxc6 {0} dxc6 {0} 6. Nxe5 {0} Qe7 {0} 7. d4 {0} Bb6 {0} 8. Nc3 {0} O-O {0} 9.
Bg5 {0} h6 {0} 10. Bh4 {0} Rd8 {0} 11. Nf3 {0} Bg4 {0} 12. e5 {0} Rxd4 {0} 13.
exf6 {0} Qf8 {0} 14. Nxd4 {0} Bxd1 {0} 15. Raxd1 {0} Qd6 {0} 16. Nf5 {0} Qf4 {0
} 17. Ne7+ {0} Kf8 {0} 18. fxg7+ {0} Kxg7 {0} 19. Bg3 {0} Qg5 {0} 20. Rfe1 {0}
Re8 {0} 21. Nf5+ {0} Qxf5 {0} 22. Rxe8 {0} Qxc2 {0} 23. Re2 {0} Qf5 {0} 24.
Be5+ {0} Kg6 {0} 25. Bd4 {0} Ba5 {0} 26. Re5 {0} Qc2 {0} 27. Rxa5 {0} Qxb2 {0}
28. Nb1 {0} Qc2 {0} 29. Rf1 {0} Qc4 {0} 30. Ba1 {0} a6 {0} 31. Ra3 {0} b6 {0}
32. Nd2 {0} Qb5 {0} 33. Rg3+ {0} Kh7 {0} 34. Rg7+ {0} Kh8 {0} 35. Rg5+ {0} Kh7
{0} 36. Rxb5 {0} axb5 {0} 37. Nf3 {0} c5 {0} 38. Rd1 {0} Kg6 {0} 39. Rd7 {0} c6
{0} 40. Rd6+ {0} Kf5 {0} 41. Rxc6 {0} c4 {0} 42. Nd4+ {0} Ke4 {0} 43. Nxb5 {0}
Kd5 {0} 44. Rc8 {0} f6 {0} 45. Kf1 {0} f5 {0} 46. Ke2 {0} Ke4 {0} 47. Rd8 {0}
Kf4 {0} 48. Bf6 {0} c3 {0} 49. Rd4# {0} 1-0

[Event "SR 5. liga SE-SI 2017/2018"]
[Site "?"]
[Date "2018.03.24"]
[Round "9.4"]
[White "Romanova, Ema"]
[Black "Otepka, Vladimir"]
[Result "0-1"]
[WhiteElo "1000"]
[BlackElo "1758"]
[PlyCount "73"]
[EventDate "2017.??.??"]
[WhiteTeam "Å K Skalica D"]
[BlackTeam "Å O Spartak Myjava"]

1. e4 {0} c5 {0} 2. Nf3 {0} d6 {0} 3. Bb5+ {0} Nc6 {0} 4. d3 {0} a6 {0} 5. Ba4
{0} g6 {0} 6. O-O {0} Bg7 {0} 7. h3 {0} Nf6 {0} 8. Nc3 {0} O-O {0} 9. Bxc6 {0}
bxc6 {0} 10. e5 {0} Nd7 {0} 11. exd6 {0} exd6 {0} 12. Re1 {0} Nf6 {0} 13. Bg5 {
0} Qc7 {0} 14. d4 {0} cxd4 {0} 15. Nxd4 {0} Bd7 {0} 16. Qf3 {0} Nh5 {0} 17. g4
{0} Bxd4 {0} 18. gxh5 {0} Bf5 {0} 19. hxg6 {0} fxg6 {0} 20. Re7 {0} Bd7 {0} 21.
Qd3 {0} Bxf2+ {0} 22. Kg2 {0} Qc8 {0} 23. Rf1 {0} Bf5 {0} 24. Qe2 {0} Bxh3+ {0}
25. Kh2 {0} Bxf1 {0} 26. Qxf1 {0} Qg4 {0} 27. Qg2 {0} Qh5+ {0} 28. Qh3 {0}
Qxh3+ {0} 29. Kxh3 {0} Bd4 {0} 30. Bh6 {0} Rf7 {0} 31. Bg5 {0} Rxe7 {0} 32.
Bxe7 {0} Be5 {0} 33. Na4 {0} Re8 {0} 34. Bg5 {0} Kg7 {0} 35. b3 {0} h6 {0} 36.
Bh4 {0} g5 {0} 37. Bg3 {0} 0-1

[Event "SR 5. liga SE-SI 2017/2018"]
[Site "?"]
[Date "2018.03.24"]
[Round "9.4"]
[White "Kiss, Andrej"]
[Black "Budinsky, Juraj"]
[Result "1/2-1/2"]
[WhiteElo "1718"]
[BlackElo "1000"]
[PlyCount "97"]
[EventDate "2017.??.??"]
[WhiteTeam "Å O Spartak Myjava"]
[BlackTeam "Å K Skalica D"]

1. e4 {0} e5 {0} 2. Nf3 {0} Nc6 {0} 3. d4 {0} d6 {0} 4. dxe5 {0} Bg4 {0} 5.
exd6 {0} Bxd6 {0} 6. Be2 {0} Bb4+ {0} 7. c3 {0} Qxd1+ {0} 8. Bxd1 {0} Bc5 {0}
9. Bf4 {0} Bb6 {0} 10. Nbd2 {0} Nf6 {0} 11. h3 {0} Bxf3 {0} 12. Bxf3 {0} O-O {0
} 13. O-O {0} a5 {0} 14. a4 {0} Rfd8 {0} 15. Nb3 {0} Re8 {0} 16. Rfe1 {0} Re7 {
0} 17. Rad1 {0} Rae8 {0} 18. e5 {0} Nxe5 {0} 19. Bxe5 {0} Rxe5 {0} 20. Rxe5 {0}
Rxe5 {0} 21. Bxb7 {0} Re2 {0} 22. Rd8+ {0} Ne8 {0} 23. Bc6 {0} Kf8 {0} 24.
Rxe8+ {0} Rxe8 {0} 25. Bxe8 {0} Kxe8 {0} 26. c4 {0} c5 {0} 27. g3 {0} Ke7 {0}
28. f4 {0} Kf6 {0} 29. Kf2 {0} g6 {0} 30. Kf3 {0} h5 {0} 31. Ke4 {0} Ke6 {0}
32. g4 {0} hxg4 {0} 33. hxg4 {0} f5+ {0} 34. gxf5+ {0} gxf5+ {0} 35. Kf3 {0}
Kf6 {0} 36. Nc1 {0} Kg6 {0} 37. Nd3 {0} Kf6 {0} 38. Kg3 {0} Kg6 {0} 39. Ne5+ {0
} Kh6 {0} 40. Nd7 {0} Ba7 {0} 41. Kh4 {0} Kg6 {0} 42. b3 {0} Kh6 {0} 43. Ne5 {0
} Bb6 {0} 44. Nc6 {0} Bc7 {0} 45. Ne7 {0} Bxf4 {0} 46. Nxf5+ {0} Kg6 {0} 47.
Kg4 {0} Bc7 {0} 48. Ne7+ {0} Kf7 {0} 49. Nd5 {0} 1/2-1/2

[Event "SR 5. liga SE-SI 2017/2018"]
[Site "?"]
[Date "2018.03.24"]
[Round "9.4"]
[White "Janota, Frantisek"]
[Black "Knapek, Adrian"]
[Result "0-1"]
[WhiteElo "1000"]
[BlackElo "1437"]
[PlyCount "38"]
[EventDate "2017.??.??"]
[WhiteTeam "Å K Skalica D"]
[BlackTeam "Å O Spartak Myjava"]

1. e4 {0} e5 {0} 2. Nf3 {0} Nc6 {0} 3. Nc3 {0} Nf6 {0} 4. Bc4 {0} h6 {0} 5. a3
{0} a6 {0} 6. O-O {0} Be7 {0} 7. d3 {0} O-O {0} 8. Be3 {0} Ng4 {0} 9. Qe2 {0}
Nxe3 {0} 10. Qxe3 {0} d6 {0} 11. h3 {0} Be6 {0} 12. Bd5 {0} Bg5 {0} 13. Nxg5 {0
} Qxg5 {0} 14. Rfe1 {0} Qxe3 {0} 15. fxe3 {0} Bxd5 {0} 16. Nxd5 {0} Rac8 {0}
17. d4 {0} Rfe8 {0} 18. c3 {0} exd4 {0} 19. exd4 {0} Rxe4 {0} 0-1

[Event "SR 2. liga A 2018/2019"]
[Site "?"]
[Date "2018.10.13"]
[Round "1.1"]
[White "Jablonicky, Martin"]
[Black "Ac, Michal"]
[Result "1-0"]
[WhiteElo "2344"]
[BlackElo "2171"]
[PlyCount "87"]
[EventDate "2018.??.??"]
[WhiteTeam "SK Osuske B"]
[BlackTeam "SK Slovan Bratislava D"]

1. e4 c5 2. Nf3 d6 3. d4 Nf6 4. Nc3 cxd4 5. Nxd4 g6 6. Be3 Bg7 7. f3 O-O 8. Qd2
Nc6 9. Bc4 Bd7 10. O-O-O Rc8 11. Bb3 Ne5 12. h4 h5 13. Bg5 Nh7 14. Bh6 Bxh6 15.
Qxh6 Rxc3 16. bxc3 Qc7 17. f4 Qxc3 18. Kb1 Nc4 19. Bxc4 Qxc4 20. f5 Qb4+ 21.
Nb3 gxf5 22. Rd3 fxe4 23. Rg3+ Bg4 24. Qxh5 f5 25. Rf1 a6 26. Rxg4+ fxg4 27.
Qg6+ Kh8 28. Rxf8+ Nxf8 29. Qf7 Nh7 30. Qe8+ Kg7 31. Qxe7+ Kg8 32. Qe6+ Kf8 33.
Qf5+ Kg7 34. Qxg4+ Kf7 35. Qd7+ Kg8 36. Qe6+ Kg7 37. h5 Qe1+ 38. Kb2 Qh4 39.
Nd4 Qf6 40. Qxe4 Ng5 41. Qd5 Ne6 42. c3 Nc5 43. Qxd6 Qg5 44. Qxc5 1-0

[Event "SR 2. liga A 2018/2019"]
[Site "?"]
[Date "2018.10.13"]
[Round "1.2"]
[White "Fabry, Robert"]
[Black "Spacek, Oliver"]
[Result "1-0"]
[WhiteElo "2097"]
[BlackElo "2236"]
[PlyCount "73"]
[EventDate "2018.??.??"]
[WhiteTeam "SK Slovan Bratislava D"]
[BlackTeam "SK Osuske B"]

1. e4 c5 2. Nf3 e6 3. d4 cxd4 4. Nxd4 a6 5. g3 h5 6. h4 Nf6 7. Bg2 Qc7 8. O-O
Nc6 9. Nxc6 dxc6 10. Bg5 e5 11. Nd2 Bg4 12. Bf3 Bh3 13. Bg2 Bxg2 14. Kxg2 O-O-O
15. Qe2 Be7 16. Nc4 Ng4 17. f3 Nh6 18. Be3 c5 19. Bxh6 Rxh6 20. Rad1 Rxd1 21.
Rxd1 g5 22. Qd2 Rg6 23. Qd5 gxh4 24. Qxf7 h3+ 25. Kh2 Rh6 26. Qf5+ Kb8 27. Rd7
Rf6 28. Qxh3 Qc6 29. Rxe7 Rxf3 30. Qxh5 Qxe4 31. Qxe5+ Qxe5 32. Rxe5 Rf2+ 33.
Kh3 Rxc2 34. Rxc5 Ka7 35. b4 b6 36. Nxb6 Rxa2 37. Nd5 1-0

[Event "SR 2. liga A 2018/2019"]
[Site "?"]
[Date "2018.10.13"]
[Round "1.3"]
[White "Jozefek, Michal"]
[Black "Kolman, Richard"]
[Result "1-0"]
[WhiteElo "2210"]
[BlackElo "2016"]
[PlyCount "71"]
[EventDate "2018.??.??"]
[WhiteTeam "SK Osuske B"]
[BlackTeam "SK Slovan Bratislava D"]

1. d4 d5 2. c4 e6 3. Nc3 c5 4. cxd5 cxd4 5. Qxd4 Nc6 6. Qd1 exd5 7. Nf3 d4 8.
Ne4 Qd5 9. Ned2 Be6 10. g3 g6 11. Bg2 Bg7 12. O-O Nge7 13. Nb3 Qc4 14. Bg5 Rd8
15. Rc1 Qb4 16. Nc5 Bd5 17. Nd3 Qb6 18. b4 h6 19. Bd2 Bxa2 20. Qa4 Qa6 21. Qxa6
bxa6 22. Rc5 Bd5 23. Ra1 Nb8 24. Bf4 Nec6 25. Bc7 Rd7 26. Bxb8 Nxb8 27. Nfe5
Bxg2 28. Nxd7 Nxd7 29. Rc8+ Ke7 30. Rxh8 Bb7 31. Rh7 Bf8 32. Ra5 Nb6 33. Nc5
Bd5 34. Rxa6 Nc8 35. Ra3 h5 36. e3 1-0

[Event "SR 2. liga A 2018/2019"]
[Site "?"]
[Date "2018.10.13"]
[Round "1.4"]
[White "Hecht, Tomas"]
[Black "Cajka, Tibor"]
[Result "0-1"]
[WhiteElo "1993"]
[BlackElo "2094"]
[PlyCount "56"]
[EventDate "2018.??.??"]
[WhiteTeam "SK Slovan Bratislava D"]
[BlackTeam "SK Osuske B"]

1. e4 c5 2. c3 d5 3. exd5 Qxd5 4. d4 Nf6 5. Nf3 e6 6. Be2 Be7 7. O-O O-O 8. Be3
cxd4 9. cxd4 Nc6 10. Nc3 Qd8 11. Ne5 Nb4 12. Bf3 Nbd5 13. Qb3 Nxe3 14. fxe3 Nd7
15. Ng4 Rb8 16. Rad1 Qb6 17. Qc2 Bg5 18. Na4 Qa5 19. Rd3 e5 20. b4 Qxb4 21.
dxe5 h5 22. e6 fxe6 23. Rxd7 hxg4 24. Rxg7+ Kxg7 25. Qc7+ Kh6 26. Qxb8 Bxe3+
27. Kh1 Qf4 28. Qxf4+ Rxf4 0-1

[Event "SR 2. liga A 2018/2019"]
[Site "?"]
[Date "2018.10.13"]
[Round "1.5"]
[White "Gzib, David"]
[Black "Sturc, Gustav"]
[Result "1/2-1/2"]
[WhiteElo "1980"]
[BlackElo "1983"]
[PlyCount "111"]
[EventDate "2018.??.??"]
[WhiteTeam "SK Osuske B"]
[BlackTeam "SK Slovan Bratislava D"]

1. e4 e5 2. Nf3 Nc6 3. d4 exd4 4. Bc4 Be7 5. O-O d6 6. Nxd4 Bf6 7. c3 Nge7 8.
Be3 O-O 9. f4 Ng6 10. Qf3 Bd7 11. Nd2 a6 12. g4 h6 13. g5 hxg5 14. fxg5 Nce5
15. Qg3 Nxc4 16. gxf6 Nxe3 17. Qxe3 Re8 18. fxg7 Re5 19. Nf5 Bxf5 20. Rxf5 Kxg7
21. Nf3 Rxf5 22. exf5 Qe7 23. Re1 Qxe3+ 24. Rxe3 Ne5 25. Nxe5 dxe5 26. Rxe5 Kf6
27. Rd5 Rg8+ 28. Kf2 Rg5 29. h3 c6 30. Rc5 Rh5 31. Kg3 Rg5+ 32. Kf2 Rh5 33. Kg3
Rg5+ 34. Kh2 Rg8 35. a4 Rd8 36. Kg3 Rd3+ 37. Kg4 Rd2 38. b4 Ra2 39. a5 Rg2+ 40.
Kf3 Rd2 41. b5 cxb5 42. Rc7 Ra2 43. Rxb7 Rxa5 44. Ke3 Ra4 45. Kd3 Rh4 46. Rb6+
Kxf5 47. Rxa6 Rxh3+ 48. Kd4 Rh4+ 49. Kd3 Ke5 50. Ra5 Rh3+ 51. Kd2 Ke4 52. Rxb5
Rh2+ 53. Ke1 f5 54. c4 f4 55. Rb3 f3 56. Rb8 1/2-1/2

[Event "SR 2. liga A 2018/2019"]
[Site "?"]
[Date "2018.10.13"]
[Round "1.6"]
[White "Munk, Lubomir"]
[Black "Nemeckay, Rastislav"]
[Result "0-1"]
[WhiteElo "1831"]
[BlackElo "1950"]
[PlyCount "148"]
[EventDate "2018.??.??"]
[WhiteTeam "SK Slovan Bratislava D"]
[BlackTeam "SK Osuske B"]

1. c4 c6 2. g3 d5 3. b3 Bf5 4. Bb2 e6 5. d3 Nf6 6. Nf3 h6 7. Bg2 Nbd7 8. O-O
Bd6 9. Re1 Qc7 10. Nbd2 O-O 11. Qc2 Bh7 12. Rac1 Rac8 13. Qb1 Qb8 14. Qa1 Rfe8
15. e4 dxe4 16. dxe4 e5 17. Qb1 Bb4 18. a3 Bxd2 19. Nxd2 Rcd8 20. Qc2 Nc5 21.
Bf1 Rxd2 22. Qxd2 Nxb3 23. Qc2 Nxc1 24. Bxc1 c5 25. f3 Rd8 26. Be3 b6 27. Qb2
Ne8 28. Rb1 Qc7 29. Be2 f6 30. Qc1 Qd7 31. Qc2 Nc7 32. Rd1 Qe7 33. Rxd8+ Qxd8
34. Qa4 a5 35. Qc6 Ne8 36. Kf2 Kf8 37. Bf1 Qd6 38. Qc8 Bg8 39. Be2 Be6 40. Qa8
Bd7 41. Qa7 Qc7 42. Qxc7 Nxc7 43. f4 Ke7 44. fxe5 fxe5 45. Bd2 Ne8 46. Bc3 Kf6
47. Ke3 Nd6 48. g4 Be6 49. h4 g5 50. hxg5+ hxg5 51. Kf3 Bxc4 52. Bxc4 Nxc4 53.
a4 Ke6 54. Ke2 Nd6 55. Kd3 c4+ 56. Ke3 Nf7 57. Bb2 Kd6 58. Ba3+ Kc6 59. Kd2 b5
60. axb5+ Kxb5 61. Be7 Nh6 62. Bxg5 Nxg4 63. Be7 Nf2 64. Ke3 Nd3 65. Bd6 Ka4
66. Bc7 Kb4 67. Kd2 a4 68. Kc2 Ne1+ 69. Kd1 Nf3 70. Ke2 c3 71. Bd6+ Kb3 72. Kd1
c2+ 73. Kc1 Ne1 74. Kd2 Nd3 0-1

[Event "SR 2. liga A 2018/2019"]
[Site "?"]
[Date "2018.10.13"]
[Round "1.7"]
[White "Diviak, Rastislav"]
[Black "Zdrazil, Bohumir"]
[Result "1/2-1/2"]
[WhiteElo "1977"]
[BlackElo "1802"]
[PlyCount "115"]
[EventDate "2018.??.??"]
[WhiteTeam "SK Osuske B"]
[BlackTeam "SK Slovan Bratislava D"]

1. e4 e6 2. d4 d5 3. Nd2 c5 4. exd5 exd5 5. Bb5+ Bd7 6. Bxd7+ Nxd7 7. dxc5 Bxc5
8. Nb3 Qe7+ 9. Ne2 Ngf6 10. Nxc5 Nxc5 11. O-O O-O 12. Nd4 Qd7 13. Bg5 Nfe4 14.
Bh4 Rfe8 15. c3 Nd6 16. Qc2 Ne6 17. Nf5 Nf4 18. Nxd6 Qxd6 19. Rfe1 Qh6 20. Bg3
Nh5 21. Qa4 Qc6 22. Qxc6 bxc6 23. Be5 f5 24. f3 Kf7 25. Rad1 Nf6 26. b4 Nd7 27.
Bd4 Nb6 28. Kf2 Nc4 29. Rxe8 Rxe8 30. Bxa7 Ra8 31. Bc5 Rxa2+ 32. Kg3 f4+ 33.
Kxf4 Rxg2 34. h4 Nb2 35. Ra1 Nd3+ 36. Ke3 Nxc5 37. bxc5 Rg6 38. Ra7+ Ke6 39.
Kf4 Rf6+ 40. Kg4 Rf7 41. Rxf7 Kxf7 42. Kf5 g6+ 43. Ke5 Ke7 44. f4 h6 45. f5 g5
46. hxg5 hxg5 47. f6+ Kf7 48. Kf5 g4 49. Kxg4 Kxf6 50. Kf4 Ke6 51. Ke3 Ke5 52.
Kd3 Kf4 53. Kd4 Kf5 54. c4 dxc4 55. Kxc4 Ke4 56. Kb4 Kd4 57. Kb3 Kxc5 58. Kc3
1/2-1/2

[Event "SR 2. liga A 2018/2019"]
[Site "?"]
[Date "2018.10.13"]
[Round "1.8"]
[White "Cervenak, Ladislav"]
[Black "Ulehla, Jakub"]
[Result "1-0"]
[WhiteElo "1776"]
[BlackElo "1695"]
[PlyCount "51"]
[EventDate "2018.??.??"]
[WhiteTeam "SK Slovan Bratislava D"]
[BlackTeam "SK Osuske B"]

1. Nf3 Nf6 2. g3 c5 3. c4 Nc6 4. Bg2 g6 5. b3 Bg7 6. Bb2 O-O 7. Nc3 e6 8. O-O
d5 9. cxd5 exd5 10. d4 b6 11. e3 Ba6 12. Re1 Re8 13. a3 Bb7 14. Rc1 Ne4 15. Rc2
Qd7 16. dxc5 Bxc3 17. Bxc3 bxc5 18. Bb2 Na5 19. Nd2 Qb5 20. b4 cxb4 21. Nxe4
dxe4 22. Qd4 f6 23. Qxf6 Qd7 24. Qh8+ Kf7 25. Qxh7+ Ke6 26. Bh3+ 1-0

[Event "SR 2. liga A 2018/2019"]
[Site "?"]
[Date "2018.10.13"]
[Round "1.1"]
[White "Straka, Jozef"]
[Black "Kostolansky, Sebastian"]
[Result "1/2-1/2"]
[WhiteElo "2299"]
[BlackElo "2209"]
[PlyCount "66"]
[EventDate "2018.??.??"]
[WhiteTeam "SK Nafta Gbely"]
[BlackTeam "SK Slovan Bratislava E"]

1. d4 Nf6 2. Nf3 g6 3. Nbd2 Bg7 4. e4 d6 5. Bd3 O-O 6. O-O Nbd7 7. Re1 e5 8. c3
Qe7 9. a4 exd4 10. cxd4 c5 11. Nc4 cxd4 12. Nxd4 Ne5 13. Bg5 Bg4 14. f3 Be6 15.
Ne3 Rac8 16. f4 Nxd3 17. Qxd3 h6 18. Bh4 Qc7 19. Nb5 Bc4 20. Qd4 Bxb5 21. Bxf6
Bxf6 22. Qxf6 Bc6 23. Nf5 gxf5 24. Ra3 Rfe8 25. Qxh6 Re6 26. Rg3+ Rg6 27. Rxg6+
fxg6 28. Qxg6+ Kf8 29. Qxf5+ Ke7 30. e5 Qb6+ 31. Kh1 Bxg2+ 32. Kxg2 Rg8+ 33.
Kh1 Rg1+ 1/2-1/2

[Event "SR 2. liga A 2018/2019"]
[Site "?"]
[Date "2018.10.13"]
[Round "1.2"]
[White "Jancovic, Peter"]
[Black "Danada, Tomas"]
[Result "1-0"]
[WhiteElo "2282"]
[BlackElo "2250"]
[PlyCount "75"]
[EventDate "2018.??.??"]
[WhiteTeam "SK Slovan Bratislava E"]
[BlackTeam "SK Nafta Gbely"]

1. Nf3 Nf6 2. c4 e6 3. Nc3 Bb4 4. Qc2 d5 5. e3 O-O 6. a3 Bxc3 7. Qxc3 b6 8. b3
Bb7 9. Bb2 c5 10. cxd5 exd5 11. d4 Ne4 12. Qc2 Nd7 13. dxc5 Rc8 14. c6 Rxc6 15.
Qd1 Rg6 16. Rc1 Re8 17. g3 Ndf6 18. Bd4 Ng4 19. Rc2 Rc6 20. Bb5 Rxc2 21. Qxc2
Qc8 22. Qb2 Ba6 23. Bxe8 Nexf2 24. Bxf7+ Kxf7 25. Ne5+ Nxe5 26. Qxf2+ Kg6 27.
Kd2 Nf7 28. h4 h5 29. Rc1 Qd7 30. Kc2 Nd6 31. Kb2 Ne4 32. Qc2 Qg4 33. Qc6+ Kh7
34. Qxd5 Bd3 35. a4 Qe2+ 36. Ka3 Nd2 37. Qg5 Bg6 38. Qe7 1-0

[Event "SR 2. liga A 2018/2019"]
[Site "?"]
[Date "2018.10.13"]
[Round "1.3"]
[White "Matejovic, Juraj"]
[Black "Nestorenko, Dmitry"]
[Result "1/2-1/2"]
[WhiteElo "2245"]
[BlackElo "2199"]
[PlyCount "54"]
[EventDate "2018.??.??"]
[WhiteTeam "SK Nafta Gbely"]
[BlackTeam "SK Slovan Bratislava E"]

1. e4 c5 2. Nf3 Nc6 3. Nc3 e6 4. d4 cxd4 5. Nxd4 Nf6 6. Ndb5 Bb4 7. a3 Bxc3+ 8.
Nxc3 d5 9. exd5 exd5 10. Bd3 O-O 11. O-O h6 12. Bf4 d4 13. Ne4 Nd5 14. Qf3 f5
15. Nc5 Nxf4 16. Bc4+ Kh8 17. Qxf4 g5 18. Qf3 Qd6 19. Qd5 Rd8 20. Qxd6 Rxd6 21.
Rfe1 b6 22. Re8+ Kg7 23. Nb3 Bb7 24. Rae1 Rxe8 25. Rxe8 a6 26. Bd3 Kf7 27. Rh8
Kg7 1/2-1/2

[Event "SR 2. liga A 2018/2019"]
[Site "?"]
[Date "2018.10.13"]
[Round "1.4"]
[White "Zetocha, Adrian"]
[Black "Lintner, Igor"]
[Result "1-0"]
[WhiteElo "2091"]
[BlackElo "2205"]
[PlyCount "89"]
[EventDate "2018.??.??"]
[WhiteTeam "SK Slovan Bratislava E"]
[BlackTeam "SK Nafta Gbely"]

1. d4 e6 2. Nf3 c5 3. e3 Nf6 4. Bd3 Nc6 5. c3 d5 6. O-O Be7 7. Nbd2 O-O 8. Qe2
a6 9. dxc5 Bxc5 10. e4 e5 11. exd5 Nxd5 12. Nb3 Be7 13. Nxe5 Nxe5 14. Qxe5 Nf6
15. Rd1 Re8 16. Bg5 h6 17. Bh4 Qb6 18. Qd4 Qc6 19. Bc2 Bg4 20. f3 Be6 21. Qd3
Rad8 22. Nd4 Qb6 23. Kh1 g6 24. Qe3 Ng4 25. fxg4 Bxh4 26. Qxh6 Bf6 27. Bxg6 Bg7
28. Qh7+ Kf8 29. Rf1 Bc4 30. Bxf7 Bxf7 31. Rxf7+ Kxf7 32. Rf1+ Qf6 33. Rxf6+
Kxf6 34. h4 Re1+ 35. Kh2 Rh8 36. Qf5+ Ke7 37. Nf3 Re2 38. Qc5+ Kd7 39. Qd5+ Ke8
40. Qxb7 Bf8 41. Qc8+ Ke7 42. Nd4 Rxb2 43. Qe6+ Kd8 44. Qf6+ Kc7 45. Ne6+ 1-0

[Event "SR 2. liga A 2018/2019"]
[Site "?"]
[Date "2018.10.13"]
[Round "1.5"]
[White "Kovac, Andrej"]
[Black "Vadila, Ondrej"]
[Result "1/2-1/2"]
[WhiteElo "2218"]
[BlackElo "2060"]
[PlyCount "78"]
[EventDate "2018.??.??"]
[WhiteTeam "SK Nafta Gbely"]
[BlackTeam "SK Slovan Bratislava E"]

1. d4 Nf6 2. c4 g6 3. Nf3 Bg7 4. g3 O-O 5. Bg2 d6 6. O-O c5 7. Nc3 Nc6 8. d5
Na5 9. Nd2 a6 10. Rb1 Rb8 11. b3 b5 12. Qc2 Bh6 13. Nce4 Nxe4 14. Bxe4 Bd7 15.
h4 bxc4 16. Nxc4 Bxc1 17. Rfxc1 Nxc4 18. bxc4 Qa5 19. h5 Kg7 20. Kg2 Qa4 21.
Qc3+ f6 22. a3 Bf5 23. Bxf5 gxf5 24. Qe3 Qd7 25. Rb3 Rxb3 26. Qxb3 f4 27. gxf4
Qg4+ 28. Qg3 Qxg3+ 29. fxg3 Rb8 30. Rc3 a5 31. Re3 Kf7 32. g4 Rb2 33. g5 Rc2
34. Rh3 Rxc4 35. Kf3 Rc3+ 36. e3 Rxa3 37. Ke4 fxg5 38. fxg5 Ra1 39. Rf3+ Kg7
1/2-1/2

[Event "SR 2. liga A 2018/2019"]
[Site "?"]
[Date "2018.10.13"]
[Round "1.6"]
[White "Djubek, Boris"]
[Black "Sosovicka, Juraj"]
[Result "0-1"]
[WhiteElo "2110"]
[BlackElo "2105"]
[PlyCount "52"]
[EventDate "2018.??.??"]
[WhiteTeam "SK Slovan Bratislava E"]
[BlackTeam "SK Nafta Gbely"]

1. d4 d5 2. c4 c6 3. e3 Nf6 4. Nf3 e6 5. Nc3 Nbd7 6. Bd3 dxc4 7. Bxc4 b5 8. Bd3
a6 9. O-O Bb7 10. b3 c5 11. Bb2 Be7 12. Qe2 O-O 13. Rfd1 Qb6 14. Rac1 Rac8 15.
Nb1 Rfd8 16. Rc2 Nd5 17. a3 Bf6 18. Rdc1 cxd4 19. Rxc8 Bxc8 20. Bxd4 Bxd4 21.
Nxd4 Nf4 22. Qc2 Nxd3 23. Qxd3 Bb7 24. Qc3 Rc8 25. Qd2 Rxc1+ 26. Qxc1 b4 0-1

[Event "SR 2. liga A 2018/2019"]
[Site "?"]
[Date "2018.10.13"]
[Round "1.7"]
[White "Travnicek, Petr"]
[Black "Sulek, Viliam"]
[Result "1/2-1/2"]
[WhiteElo "2104"]
[BlackElo "2022"]
[PlyCount "131"]
[EventDate "2018.??.??"]
[WhiteTeam "SK Nafta Gbely"]
[BlackTeam "SK Slovan Bratislava E"]

1. d4 Nf6 2. c4 g6 3. Nc3 d5 4. cxd5 Nxd5 5. Na4 Bg7 6. e4 Nb6 7. Be3 O-O 8.
Nf3 Nxa4 9. Qxa4 Nd7 10. Be2 Nb6 11. Qb3 Bd7 12. O-O Ba4 13. Qd3 a6 14. Rac1
Bb5 15. Qc2 Bxe2 16. Qxe2 c6 17. Rfd1 Rc8 18. Qd2 Nd7 19. Qb4 b5 20. Ne5 c5 21.
Qa3 cxd4 22. Nc6 Rxc6 23. Rxc6 dxe3 24. Qd3 e2 25. Qxe2 Qa8 26. Rc7 Nf6 27.
Rxe7 Re8 28. Rxe8+ Qxe8 29. e5 h6 30. f4 Nh5 31. Qf3 Bf8 32. g4 Ng7 33. Qd5 Qc8
34. h3 h5 35. Qf3 Kh7 36. Qc3 Qe6 37. Qb3 Bc5+ 38. Kg2 Qc6+ 39. Qf3 Qe6 40. Qd5
Qe7 41. Kg3 Ne6 42. Qd7 Qh4+ 43. Kh2 Qf2+ 44. Kh1 Qf3+ 45. Kh2 Qxf4+ 46. Kg2
Qf2+ 47. Kh1 Be3 48. Qb7 hxg4 49. Qg2 Qxg2+ 50. Kxg2 Nf4+ 51. Kg3 gxh3 52. Kf3
Ng2 53. Rh1 Bg5 54. Rxh3+ Nh4+ 55. Ke4 Be7 56. Rc3 Kg8 57. Rc7 Kf8 58. Rc8+ Kg7
59. Ra8 g5 60. Rxa6 g4 61. Kf4 Nf3 62. a4 bxa4 63. Rxa4 Nxe5 64. Kxe5 Bf6+ 65.
Kf4 Bxb2 66. Kxg4 1/2-1/2

[Event "SR 2. liga A 2018/2019"]
[Site "?"]
[Date "2018.10.13"]
[Round "1.8"]
[White "Cambel, Vladimir"]
[Black "Pribila, Gerhard"]
[Result "0-1"]
[WhiteElo "1974"]
[BlackElo "2127"]
[PlyCount "74"]
[EventDate "2018.??.??"]
[WhiteTeam "SK Slovan Bratislava E"]
[BlackTeam "SK Nafta Gbely"]

1. d4 Nf6 2. Bf4 d5 3. e3 c5 4. c3 Nc6 5. Nd2 Bf5 6. Ngf3 Qb6 7. Nh4 Bg4 8. f3
Bd7 9. Qc2 h6 10. Bg3 g5 11. dxc5 Qxc5 12. Nf5 Bxf5 13. Qxf5 Qxe3+ 14. Be2 Bg7
15. Bf2 Qe5 16. Qd3 Qc7 17. Nb3 e6 18. Bg3 Qe7 19. O-O-O Nh5 20. Kb1 Nxg3 21.
hxg3 O-O-O 22. f4 Kb8 23. Qb5 a6 24. Qb6 Qc7 25. Qe3 gxf4 26. gxf4 Na5 27. Qf3
Nc4 28. f5 Nd6 29. g4 Ne4 30. Qe3 Bf6 31. Rhf1 Bg5 32. Qd3 Qb6 33. Qf3 a5 34.
Kc2 e5 35. Bd3 a4 36. Nd2 Nxd2 37. Rxd2 Bxd2 0-1

[Event "SR 2. liga A 2018/2019"]
[Site "?"]
[Date "2018.10.13"]
[Round "1.1"]
[White "Gasa, Patrik"]
[Black "Michal, Silvio"]
[Result "1-0"]
[WhiteElo "2162"]
[BlackElo "2110"]
[PlyCount "67"]
[EventDate "2018.??.??"]
[WhiteTeam "SK Kupele Piestany"]
[BlackTeam "KS Pezinok"]

1. d4 Nf6 2. c4 e6 3. Nf3 b6 4. g3 Bb7 5. Bg2 Bb4+ 6. Bd2 Bxd2+ 7. Nbxd2 O-O 8.
O-O c5 9. Qa4 cxd4 10. Nb3 e5 11. Nxe5 Bxg2 12. Kxg2 Re8 13. Nf3 Rxe2 14. Nbxd4
Re4 15. Rad1 Qc8 16. Rfe1 Na6 17. Rxe4 Nc5 18. Qc2 Ncxe4 19. Nf5 Qc5 20. Rd5
Nxd5 21. Qxe4 Nc7 22. Ng5 g6 23. Nh6+ Kg7 24. Qh4 f6 25. Nf5+ Kf8 26. Nxh7+ Ke8
27. Nxf6+ Kf7 28. Ne4 Qe5 29. Qh7+ Kf8 30. Qh6+ Ke8 31. Qxg6+ Kd8 32. Qg5+ Ke8
33. Nfd6+ Kf8 34. Qxe5 1-0

[Event "SR 2. liga A 2018/2019"]
[Site "?"]
[Date "2018.10.13"]
[Round "1.2"]
[White "Hartl, Jan"]
[Black "Abel, Peter"]
[Result "0-1"]
[WhiteElo "2023"]
[BlackElo "2217"]
[PlyCount "110"]
[EventDate "2018.??.??"]
[WhiteTeam "KS Pezinok"]
[BlackTeam "SK Kupele Piestany"]

1. e4 Nf6 2. e5 Nd5 3. c4 Nb6 4. d4 d6 5. f4 dxe5 6. fxe5 Nc6 7. Be3 Bf5 8. Nc3
e6 9. Nf3 Nb4 10. Rc1 c5 11. a3 cxd4 12. Nxd4 Nc6 13. Nxc6 bxc6 14. Qxd8+ Rxd8
15. Be2 Be7 16. Rd1 O-O 17. O-O Bc2 18. Rxd8 Rxd8 19. Rc1 Bd3 20. Kf2 Nxc4 21.
Bxa7 Nxb2 22. a4 Ra8 23. Bb6 Bxe2 24. Kxe2 Nc4 25. a5 Bb4 26. Na4 Nxa5 27. Nc5
Rb8 28. Nd7 Rb7 29. Rd1 h6 30. Bxa5 Bxa5 31. Nc5 Rb5 32. Rc1 Bc7 33. Nd3 Bxe5
34. g3 Bd6 35. Rxc6 Rd5 36. Rc8+ Kh7 37. Ra8 Kg6 38. Ra4 f5 39. Ra6 Kf6 40. Ke3
g5 41. Ke2 Be7 42. Ra8 Rd8 43. Ra5 Rc8 44. Ke3 Rc2 45. h3 Bd6 46. g4 Rh2 47.
gxf5 exf5 48. Ra6 Ke7 49. Kd4 Rxh3 50. Nb2 Rh1 51. Kd5 Rb1 52. Ra7+ Kf6 53. Nc4
Rd1+ 54. Kc6 Bf4 55. Nb6 Rd6+ 0-1